Religion Quiz

Random Religion or Bible Quiz

The Bible (Abridged) Quiz Stats

 Plays Quiz Updated Feb 7, 2020

Support Sporcle.
Go Orange.
Score 0/56 Timer 04:00
5 Plays Today
** % Correct
roverbProverbs
86.8%
ebrewHebrews
86.7%
ong of SolomoSong of Solomon
86.6%
xoduExodus
86.6%
hronicleChronicles
86.4%
orinthianCorinthians
85.9%
evelatioRevelation
85.8%
salmPsalms
85.3%
eviticuLeviticus
85.1%
euteronomDeuteronomy
84.7%
hilippianPhilippians
83.6%
zekieEzekiel
83.5%
oshuJoshua
82.9%
udgeJudges
82.7%
cclesiasteEcclesiastes
82.4%
hessalonianThessalonians
82.2%
olossianColossians
82.2%
omanRomans
81.5%
amentationLamentations
81.2%
enesiGenesis
81.2%
ctActs
80.2%
phesianEphesians
80.2%
attheMatthew
79.9%
oJob
79%
eremiaJeremiah
78.8%
zrEzra
78.7%
imothTimothy
77.1%
ukLuke
77.1%
** % Correct
amueSamuel
76.8%
umberNumbers
76%
alatianGalatians
75.6%
alachMalachi
74.7%
stheEsther
72.8%
etePeter
71.4%
udJude
70.2%
saiaIsaiah
70%
hilemoPhilemon
69.9%
ameJames
69.5%
onaJonah
68.7%
echariaZechariah
68.3%
moAmos
65.5%
utRuth
64.9%
arMark
62.8%
ingKings
61.8%
ohJohn
61.6%
icaMicah
61.6%
badiaObadiah
60.6%
ituTitus
59.3%
oeJoel
59%
ehemiaNehemiah
56.3%
anieDaniel
55.2%
abakkuHabakkuk
55%
ephaniaZephaniah
53.3%
aggaHaggai
51.1%
oseHosea
48.7%
ahuNahum
40.9%

You're not logged in!

Compare scores with friends on all Sporcle quizzes.
OR
Log In
Forgot?

From the Vault

TV's Bespectacled Characters

by FearTheManatee

You'd never guess a character with glasses, would you?
Remove Ads.
Support Sporcle.
Get the best of Sporcle when you Go Orange. This ad-free experience offers more features, more stats, and more fun while also helping to support Sporcle. Thank you for becoming a member.

Show Comments

Extras

Top Quizzes Today


Score Distribution

Your Account Isn't Verified!

In order to create a playlist on Sporcle, you need to verify the email address you used during registration. Go to your Sporcle Settings to finish the process.

Report this User

Report this user for behavior that violates our Community Guidelines.

Details: